Statistics for American Automobiles

Click here to take the quiz!

General Stats

  • This quiz has been taken 5 times
  • The average score is 3 of 5

Answer Stats

QuestionAnswer% Correct
longest running automobile modelsuburban
75%
co founder was a swiss driverChevorlet
50%
first car make to have a radioChevy
50%
first make with a crew cabinternational
50%
first car make to have electric startCadillac
25%

Score Distribution

Percentile by Number Answered

Percent of People with Each Score

Your Score History

You have not taken this quiz